000 01145nam a22003257a 4500
001 0003404
003 KOHA_MİRAKIL
005 20260207001336.0
007 ta
008 090330b1997 tu |||gr||||#0|||0|tur |
020 _a975160849X
_cTL0,01
040 _aTR-BiSEU
_btur
_cTR-BiSEU
_erda
041 0 _atur
044 _ctu
050 _aDR592.K4
_bA83 1997
100 1 _aAtatürk, Mustafa Kemal.
245 1 _aÇocuklar için nutuk/
_cMustafa Kemal Atatürk ; Mustafa Kemal Atatürk; hazırlayan A. Adnan Çakmakcıoğlu.
264 1 _aAnkara :
_bAtatürk Araştırma Merkezi
_c1997
300 _a138 sayfa: resimli; 21 cm.
336 _ametin
_btxt
_2rdacontent
337 _aaracısız
_bn
_2rdamedia
338 _acilt
_bnc
_2rdacarrier
490 1 _aAtatürk Araştırma Merkezi yayınları Gençlik Serisi ;
_v1
650 0 _aAtatürk, Mustafa Kemal, 1881-1938.
_98428
650 0 _aTürkiye--Tarih--Kurtuluş Savaşı, 1919-1923.
_98098
650 0 _aTürkiye--Siyaset ve yönetim, 1919-1923.
_98429
830 1 _aAtatürk Araştırma Merkezi yayınları Gençlik Serisi ;
_v1
_98430
907 _aTarih
942 _2lcc
_cBK
999 _c3388
_d3388